000 00317 a2200145 4500
001 167283
020 _a
040 _cMagnum
100 _aOlson, David R.
240 1 0 _aEducacao e desenvolvimento humano
_lpor
245 1 0 _aEducacao e desenvolvimento humano
362 0 _a1899
697 _aENSINO
942 _cBK
999 _c167283
_d167283